logo

Bir Sreshtho Munshi Abdur Rouf Library
Jhenaidah Cadet College

John Keats: Odes: (Record no. 8977)

MARC details
000 -LEADER
fixed length control field 00848cam a2200301 4500
001 - CONTROL NUMBER
JCCL Control Number 8977
003 - CONTROL NUMBER IDENTIFIER
JCCL marc code BD-JhCC
005 - DATE AND TIME OF LATEST TRANSACTION
control field 20180327104951.0
008 - FIXED-LENGTH DATA ELEMENTS--GENERAL INFORMATION
fixed length control field 720811s1971 enk b 000 0 eng
020 ## - INTERNATIONAL STANDARD BOOK NUMBER
International Standard Book Number 0333063341
020 ## - INTERNATIONAL STANDARD BOOK NUMBER
International Standard Book Number 0333000536 (pbk.)
035 ## - SYSTEM CONTROL NUMBER
system control number (BD-JhCC)8977
040 ## - CATALOGING SOURCE
Original cataloging agency DLC
Transcribing agency DLC
Modifying agency DLC
-- WaU
-- BD-JhCC
041 ## - LANGUAGE CODE
Language code of Book eng
050 00 - LIBRARY OF CONGRESS CALL NUMBER
Classification number PR4837
Item number .F74
082 00 - DEWEY DECIMAL CLASSIFICATION NUMBER
Classification number 821/.7
Author mark and Year FRA 1971
100 1# - MAIN ENTRY--PERSONAL NAME
Personal name Fraser, G. S.
Fuller form of name (George Sutherland),
Dates associated with a name 1915-
245 10 - TITLE STATEMENT
Title John Keats: Odes:
Remainder of title a casebook /
Statement of responsibility, etc edited by G. S. Fraser.
260 ## - PUBLICATION, DISTRIBUTION, ETC. (IMPRINT)
Place of publication, distribution, etc London,
Name of publisher, distributor, etc Macmillan,
Date of publication, distribution, etc 1971.
300 ## - PHYSICAL DESCRIPTION
Pagination 249 p.
Dimensions 19 cm.
350 ## - PRICE (NR) (BK AM CF MU VM SE) [OBSOLETE]
Price £2.00
490 0# - SERIES STATEMENT
Series statement Casebook series
504 ## - BIBLIOGRAPHY, ETC. NOTE
Bibliography, etc Bibliography: p. [237]-241.
600 10 - SUBJECT ADDED ENTRY--PERSONAL NAME
Personal name Keats, John,
Dates associated with a name 1795-1821
General subdivision Examinations
650 #0 - SUBJECT ADDED ENTRY--TOPICAL TERM
Topical term or geographic name as entry element Odes, English
General subdivision History and criticism.
942 ## - ADDED ENTRY ELEMENTS (KOHA)
Source of classification or shelving scheme Dewey Decimal Classification
Koha item type Books
Holdings
Source of classification or shelving scheme Damaged status Not for loan Home library Current library Shelving location Date of accession Total Checkouts Full call number Barcode Date last seen Date checked out Copy number Koha item type
Dewey Decimal Classification     JCC Rouf Library JCC Rouf Library General Stacks 04/30/2024 1 821/.7 FRA 1971 11981 05/05/2024 04/30/2024 C - 1 Books
Dewey Decimal Classification     JCC Rouf Library JCC Rouf Library General Stacks     821/.7 FRA 1971 12753 03/24/2018   C - 2 Books

JCC Library | Contacts | JCC Home

Last Update on 23 September 2017
Copyright @ 2017-2020 JCC Rouf Library
Rouf Library, Jhenidah Cadet College (JCC), Bangladesh